| 000 | 01094nam a22002537a 4500 | ||
|---|---|---|---|
| 003 | SEM | ||
| 005 | 20230224124935.0 | ||
| 008 | 230125s2020 ai ||||gr||||||01|0|arm|d | ||
| 020 | _a9789939112220 | ||
| 040 |
_aSEM _cSEM |
||
| 041 | _aarm | ||
| 080 | _a34(47.925)/Բ-89 | ||
| 245 |
_aԲռնության մշակույթը Հայաստանում․ _bանդրադարձ և առաջարկներ / _cՄ․ Հովհաննիսյան և ուրիշ․; Եվրասիա համագործակցություն հիմնադրամ |
||
| 260 |
_aԵրևան : _bԵվրասիա համագործակցություն հիմնադրամ, _c2020. |
||
| 300 |
_a110 էջ ; _bաղյս․; _c24 սմ |
||
| 650 |
_aԻրավունք _xՀայաստան _xբռնություն |
||
| 653 | _aՍԷՄ | ||
| 700 |
_aՀովհաննիսյան Մ․ _4հեղ․ |
||
| 700 |
_aԳասպարյան Գ․ _4հեղ․ |
||
| 700 |
_aՍմբատյան Հ․ _4հեղ․ |
||
| 700 |
_aԽուրշուդյան Շ․ _4հեղ․ |
||
| 710 | _aԵվրասիա համագործակցություն հիմնադրամ | ||
| 942 |
_2udc _cBK _n0 |
||
| 999 |
_c73373 _d73373 |
||